Los nuevos paradigmas en la actual revolución científica y tecnológica: guía de estudio /
Guardat en:
| Autor principal: | |
|---|---|
| Format: | Llibre |
| Idioma: | Spanish |
| Publicat: |
[San José, Costa Rica] :
UNED,
2008
|
| Matèries: | |
| Etiquetes: |
Afegir etiqueta
Sense etiquetes, Sigues el primer a etiquetar aquest registre!
|
MARC
| LEADER | 00000nam a2200000 4500 | ||
|---|---|---|---|
| 008 | 160418b2008 cr ||||| |||| 00| | spa d | ||
| 090 | |a 18.01.01 |b 2180 | ||
| 100 | |9 1554 |a Torres Martínez, Raúl | ||
| 245 | 1 | 4 | |a Los nuevos paradigmas en la actual revolución científica y tecnológica: guía de estudio / |c Raúl Torres Martínez |
| 260 | |a [San José, Costa Rica] : |b UNED, |c 2008 | ||
| 300 | |a 147 páginas | ||
| 650 | 1 | 4 | |9 37 |a CIENCIA Y TECNOLOGÍA |
| 650 | 1 | 4 | |9 1245 |a CAMBIO TECNOLÓGICO |
| 942 | |i 003839 |h 18.01.01 2180 |2 z |c 01 | ||
| 999 | |c 3113 |d 3113 | ||
